CRIMINOLOGY; A COMPLETE INTRODUCTION (Record no. 216660)

MARC details
000 -LEADER
fixed length control field 00499nam a22001817a 4500
008 - FIXED-LENGTH DATA ELEMENTS--GENERAL INFORMATION
fixed length control field 260225b |||||||| |||| 00| 0 eng d
020 ## - INTERNATIONAL STANDARD BOOK NUMBER
International Standard Book Number 978-1-529-39797-0
050 ## - LIBRARY OF CONGRESS CALL NUMBER
Classification number HV 6025 .J69 2020
100 ## - MAIN ENTRY--PERSONAL NAME
Personal name JOYCE,PETER
245 ## - TITLE STATEMENT
Title CRIMINOLOGY; A COMPLETE INTRODUCTION
250 ## - EDITION STATEMENT
Edition statement 2ND
260 ## - PUBLICATION, DISTRIBUTION, ETC.
Place of publication, distribution, etc. LONDON EC4Y 0DZ
Name of publisher, distributor, etc. TEACH YOURSELF
Date of publication, distribution, etc. 2020
300 ## - PHYSICAL DESCRIPTION
Extent X,326P.
500 ## - GENERAL NOTE
General note INCLUDES ANSWERS TO FACT CHECKS AND INDEX
700 ## - ADDED ENTRY--PERSONAL NAME
Personal name LAVERICK,WENDY
942 ## - ADDED ENTRY ELEMENTS (KOHA)
Source of classification or shelving scheme Library of Congress Classification
Koha item type Long Loan Book
Holdings
Withdrawn status Lost status Source of classification or shelving scheme Damaged status Not for loan Collection Home library Current library Shelving location Date acquired Inventory number Total checkouts Full call number Barcode Date last seen Copy number Price effective from Koha item type
    Library of Congress Classification     Law Kisii University Library Kisii University Library On Display 02/25/2026 111012   HV 6025.J69 2020 A001355 02/25/2026 1 02/25/2026 Long Loan Book
    Library of Congress Classification     Law Kisii University Library Kisii University Library On Display 02/25/2026 111013   HV 6025.J69 2020 A001354 02/25/2026 2 02/25/2026 Long Loan Book
    Library of Congress Classification     Law Kisii University Library Kisii University Library On Display 02/25/2026 111014   HV 6025.J69 2020 A001356 02/25/2026 3 02/25/2026 Long Loan Book
    Library of Congress Classification     Law Kisii University Library Kisii University Library On Display 02/25/2026 111015   HV 6025.J69 2020 A001353 02/25/2026 4 02/25/2026 Long Loan Book
    Library of Congress Classification     Law Kisii University Library Kisii University Library On Display 02/25/2026 111016   HV 6025.J69 2020 A001352 02/25/2026 5 02/25/2026 Long Loan Book